000 01338cam a22003737a 4500
001 3337
003 FISKH
005 20250123095311.0
008 070801s2007 enka j 001 0 eng d
010 _a 2007298459
020 _a9780756629694 (lib. bdg.)
020 _a0756629691 (lib. bdg.)
020 _a9780756633516
035 _a(OCoLC)ocn144650995
035 _a(OCoLC)144650995
040 _aBKX
_cBKX
_dBAKER
_dBTCTA
_dBUR
_dEHH
_dDLC
_beng
042 _alccopycat
050 0 0 _aTN870.3
_b.F37 2007
082 0 4 _a553.2/82
_222
100 1 _aFarndon, John.
245 1 0 _aOil /
_cwritten by John Farndon.
246 3 _aEyewitness oil
260 _aNew York :
_cDorling Kindersley,
_b2007.
300 _a72 pages :
_bmap ; color illustrations ;
_c28 cm
_e1 CD-ROM (4 3/4 in.) + 1 wall chart.
490 1 _aEyewitness books
500 _aIncludes index.
520 _aProvides information about oil and other petroleum products, explaining what they are and how they are used; discussing oil exploration, drilling, and refining; and looking at the problem of pollution and alternatives to oil as a fuel source.
650 0 _aPetroleum
_vJuvenile literature.
650 1 _aPetroleum.
830 0 _aDK eyewitness books.
906 _a7
_bcbc
_ccopycat
_d2
_encip
_f20
_gy-gencatlg
942 _2ddc
_cBK
_n0
999 _c3337
_d3337